000 00979nam a2200301 a 4500
003 AR-BaBNM
005 20251128210645.0
008 082120s2002 ||||||||||||||000 | spa||
020 _a950-9658-46-4
040 _cAR-BaBNM
100 1 _aOriglio, Fabrizio
245 0 0 _aMovimientos y sonidos
_bdidáctica de la música y la expresión corporal en el jardín de infantes
260 _aBuenos Aires
_bActilibro
_c1998
300 _a309 p.
_bfacsím., fot., il.
490 0 _aDidáctica. Nivel inicial
500 _aContiene referencias bibliográficas
500 _aEl presente texto viene acompañado por láminas y materiales de apoyo para la enseñanza
650 4 _aEDUCACION ARTISTICA
650 4 _aPROYECTOS
650 4 _aEDUCACION MUSICAL
650 4 _aACTIVIDADES DE APRENDIZAJE
653 _aEDUCACION INICIAL
653 _aEXPRESION CORPORAL
653 _aESTRATEGIAS DIDACTICAS
700 1 _aPorstein, Ana María
942 _cBK
998 _cRAQUEL
999 _c16325
_d16325